Gaming Quiz

Random Gaming or Pokémon Quiz

Top 10 Pokemon by Stat (Ice) Quiz Stats

 Plays Quiz not verified by Sporcle

Challenge
Share
Tweet
Embed
Score 0/60 Timer 08:00
0 Plays Today
Stat Pokemon % Correct
HPArticuno, Sealeo, Abomasnow
98.8%
DefenseArticuno
97.9%
Sp. AttackArticuno
97.9%
Sp. DefenseArticuno
97.9%
SpeedArticuno
97.9%
HPWalrein
95.6%
DefenseWalrein
95.6%
Sp. AttackWalrein
95.6%
AttackAbomasnow
94.9%
AttackCloyster
94.7%
DefenseCloyster
94.7%
HPDewgong
93.8%
Sp. DefenseDewgong
93.8%
HPLapras
93.3%
Sp. DefenseLapras
93.3%
SpeedFroslass
93.2%
HPKyurem
92.6%
AttackKyurem
92.6%
DefenseKyurem
92.6%
Sp. AttackKyurem
92.6%
Sp. DefenseKyurem
92.6%
SpeedKyurem
92.6%
SpeedGlalie
92.3%
Sp. AttackJynx
91.8%
Sp. DefenseJynx
91.8%
SpeedJynx
91.8%
HPMamoswine
91.7%
AttackMamoswine
91.7%
SpeedMamoswine
91.7%
DefenseRegice
91.1%
Stat Pokemon % Correct
Sp. AttackRegice
91.1%
Sp. DefenseRegice
91.1%
AttackWeavile
90.6%
SpeedWeavile
90.6%
AttackSneasel
89.1%
SpeedSneasel
89.1%
HPPiloswine
88.8%
HPAvalugg
88.8%
AttackAvalugg
88.8%
AttackPiloswine
88.8%
DefenseAvalugg
88.8%
HPBeartic
86.4%
AttackBeartic
86.4%
DefenseGlaceon
86.2%
Sp. AttackGlaceon
86.2%
Sp. DefenseGlaceon
86.2%
Sp. AttackCryogonal
85.2%
Sp. DefenseCryogonal
85.2%
SpeedCryogonal
85.2%
DefenseRotom
84.1%
Sp. AttackRotom
84.1%
Sp. DefenseRotom
84.1%
SpeedRotom
84.1%
AttackVanilluxe
82.1%
DefenseVanilluxe
82.1%
Sp. AttackVanilluxe
82.1%
Sp. DefenseVanilluxe
82.1%
HPAurorus
72.5%
Sp. AttackAurorus
72.5%
DefenseBergmite
71.6%

You're not logged in!

Compare scores with friends on all Sporcle quizzes.
Join for Free
OR
Log In

You Might Also Like...

Show Comments

Extras

Top Quizzes Today


Score Distribution

Your Account Isn't Verified!

In order to create a playlist on Sporcle, you need to verify the email address you used during registration. Go to your Sporcle Settings to finish the process.

Report this User

Report this user for behavior that violates our Community Guidelines.

Details: